| 000 | 00842cam a2200241 a 4500 | ||
|---|---|---|---|
| 005 | 20160127124132.0 | ||
| 008 | 010418s1996 ck r 00010 spa d | ||
| 015 | _ack-1996-xxxx | ||
| 040 |
_ala _cla |
||
| 041 | 0 | _aspa | |
| 043 | _as-ck--- | ||
| 082 | 0 | 4 |
_a333.7 _bI12e |
| 110 | 1 |
_aIbague (Colombia). _bContraloría Departamental. _954921 |
|
| 245 | 1 | 0 |
_aEstado de los recursos naturales y del medio ambiente / _cJenny Silvestre Resyes, Contralora Departamental. |
| 260 |
_a[Ibagué : _bContraloría Departamental, _c1996?]. |
||
| 300 |
_a94 paginas. ; _c28 cm. |
||
| 650 | 6 |
_aGestión ambiental _z Ibagué (Colombia) _954922 |
|
| 650 | 6 |
_aMedio ambiente _z Ibague (Colombia) _954923 |
|
| 650 |
_aRecursos naturales _z Ibague (Colombia) _954924 |
||
| 700 | 1 |
_aSilvestre Reyes, Jenny. _954925 |
|
| 942 |
_2ddc _cLIBRO |
||
| 949 |
_ac _bc |
||
| 999 |
_c565 _d565 |
||